Test de Rapidité - Lettre "W" - Statistiques

Statistiques générales
  • Ce quiz a été pris 863 fois
  • Le résultat moyen est 93 sur 100
Statistiques - réponses
Lettre "W" % Correct
W
100%
W
100%
W
99%
W
99%
W
99%
W
98%
W
98%
W
98%
W
98%
W
98%
W
98%
W
98%
W
98%
W
97%
W
97%
W
97%
W
97%
W
97%
W
97%
W
97%
W
97%
W
97%
W
97%
W
97%
W
97%
W
97%
W
97%
W
97%
W
96%
W
96%
W
96%
W
96%
W
96%
W
96%
W
96%
W
96%
W
96%
W
96%
W
96%
W
96%
W
96%
W
96%
W
96%
W
96%
W
96%
W
96%
W
96%
W
96%
W
95%
W
95%
W
95%
W
95%
W
95%
W
95%
W
95%
W
95%
W
95%
W
95%
W
95%
W
94%
W
94%
W
94%
W
93%
W
93%
W
93%
W
93%
W
93%
W
93%
W
92%
W
92%
W
92%
W
92%
W
91%
W
91%
W
90%
W
90%
W
90%
W
90%
W
89%
W
89%
W
89%
W
88%
W
87%
W
87%
W
86%
W
86%
W
85%
W
85%
W
84%
W
83%
W
82%
W
81%
W
80%
W
79%
W
78%
W
77%
W
75%
W
74%
W
73%
W
72%
Aucun quiz correspondant
Distribution des résultats
% des personnes avec chaque résultat
Percentile par nombre de réponses
Votre historique - résultats
Vous n’avez pas pris ce quiz